01410agaaa2200277 45000010005000000030009000050050017000140070009000310080040000400400023000800410013001031000048001161300075001642450231002392500022004702600129004923000033006215080037006545110020006915200179007115380016008905460013009066500090009197000063010097000060010726899IT-RoPAU20220918181300.0d cvaizq50131s9999||||xx ||| | || ||und|| aIT-RoPAUcIT-RoPAU aITALIANO aTealdi StefanogCodice regista SPICS: 42636 aCORSO DI FONDAMENTI DI INFORMATICA (04) - ARITMETICA DEGLI ELABORATORI aCORSO DI FONDAMENTI DI INFORMATICA (04) - ARITMETICA DEGLI ELABORATORIcProdotto da: Sad Diretto da: Tealdi StefanopCORSO DI FONDAMENTI DI INFORMATICA (04) - ARITMETICA DEGLI ELABORATORI (Rif. Codice opera principale : C6899) aEdizione Standard a(ITALIA)bSERVIZIO AUDIOVISIVO PER LA DIDATTICA - T / Distribuzione: RAIDUEg"1993 (1° ed.: 1993 ; Ed. Lingua Orig.: 1993)" aVHSbsonoro, col.c60 minuti a"Fotografia: Sciortino Pietro; " aMezzalama Marco a* CONVERSIONE DA SISTEMA DECIMALE A BINARIO* CONVERSIONE MEDIANTE ALGORITMO PER DIVISIONI* CONVERSIONE DA BASE 10 A BASE QUALUNQUE R* OPERAZIONI ARITMETICHE TRA NUMERI BINARI aPAL, STEREO aITALIANO aDIDATTICOeTV-PROG. DIDATTICO/CULTURALI-DOCUMENTARI [VHS]xCodice MATERIA SPICS: 9962 aMezzalama Marco e(soggetto)gCodice Soggetto SPICS: 42637 aTealdi Stefano e(regista)gCodice regista SPICS: 42636